Detalles MARC
| 000 -LIDER |
| fixed length control field |
00798cam a2200265 a 4500 |
| 003 - IDENTIFICACDOR DE NÚMERO DE CONTROL |
| control field |
DO-SdBNP |
| 005 - DATE AND TIME OF LATEST TRANSACTION |
| control field |
20231116083227.0 |
| 008 - ELEMENTOS DE LONGITUD FIJA |
| fixed length control field |
950123s1995 nyu 000 1 eng |
| 020 ## - ISBN |
| International Standard Book Number |
0385424736 |
| 040 ## - FUENTE DE CATALOGACIÓN |
| Agencia que crea de manera original el registro |
BPMSU |
| Idioma de catalogación |
spa |
| Agencia que realiza la transcripción |
BPMSU |
| Agencia que realiza la modificación |
|
| -- |
|
| -- |
|
| 082 #4 - NÚMERO DE CLASIFICACIÓN DECIMAL DE DEWEY |
| Classification number |
813.5 |
| Item number |
G869r 1995 |
| Edition number |
22 |
| 100 1# - ASIENTO PRINCIPAL -- NOMBRE PERSONAL |
| Nombre personal |
Grisham, John. |
| Fechas asociadas con el nombre |
1955 - |
| 245 14 - MENCIÓN DE TITULO |
| Título |
The rainmaker / |
| Mención de responsabilidad |
John Grisham. |
| 260 ## - PUBLICACIÓN, DISTRIBUCIÓN, ETC. (PIE DE IMPRENTA) |
| Lugar de publicación, distribución, etc |
New York : |
| Nombre del editor, distribuidor, etc. |
Doubleday, |
| Fecha de publicación, distribución, etc |
1995. |
| 300 ## - DESCRIPCIÓN FÍSICA |
| Extensión |
434 p. ; |
| Dimensiones |
25 cm. |
| 590 ## - NOTA LOCAL |
| Texto de la nota local |
Inventariado, 2023/VM |
| 650 #4 - ENCABEZAMIENTO DE MATERIA--TEMÁTICO |
| Término temático o nombre geográfico como elemento de entrada |
Novela juvenil estadounidense. |
| Subdivisión temática general |
|
| Subdivisión de forma |
|
| 650 #4 - ENCABEZAMIENTO DE MATERIA--TEMÁTICO |
| Término temático o nombre geográfico como elemento de entrada |
Leucemia |
| Subdivisión temática general |
Pacientes |
| Subdivisión de forma |
Novela |
| 650 #4 - ENCABEZAMIENTO DE MATERIA--TEMÁTICO |
| Término temático o nombre geográfico como elemento de entrada |
Familias pobres |
| Subdivisión de forma |
Novela |
| 650 #4 - ENCABEZAMIENTO DE MATERIA--TEMÁTICO |
| Término temático o nombre geográfico como elemento de entrada |
Estudiantes de derecho |
| Subdivisión de forma |
Novela |
| 650 #4 - ENCABEZAMIENTO DE MATERIA--TEMÁTICO |
| Término temático o nombre geográfico como elemento de entrada |
Autoaprendizaje |
| Subdivisión de forma |
|
| 655 #7 - INDEX TERM--GENRE/FORM |
| Genre/form data or focus term |
Legal stories. |
| Source of term |
gsafd |
| 910 ## - VALIDACIÓN |
| Validación |
VMateo V. Control de calidad. BPMSU |
| 942 ## - ADDED ENTRY ELEMENTS (KOHA) |
| Source of classification or shelving scheme |
Dewey Decimal Classification |
| Koha item type |
Libros |